| 000 | 00517nam a2200181Ia 4500 | ||
|---|---|---|---|
| 005 | 20250326125438.0 | ||
| 008 | 250326s9999 xx 000 0 und d | ||
| 037 | _aTextbook | ||
| 040 |
_aFMSL _beng _cFMSL |
||
| 041 |
_aeng _2eng |
||
| 084 |
_aY31.44 M7 _qFMSL |
||
| 100 | _aParvathamma C | ||
| 245 | 0 |
_aHousing, Rural poor and their living conditions _cParvathamma C; Satyanarayana |
|
| 260 |
_aDelhi _bDelhi, Gian _c1987 |
||
| 300 | _a135p | ||
| 942 |
_cTB _hY31.44 M7 |
||
| 999 |
_c1278098 _d1278098 |
||